| 000 | 00445 a2200169 4500 | ||
|---|---|---|---|
| 020 | _a9780471475811 | ||
| 022 | _a0471475815 | ||
| 082 | _a711 | ||
| 090 |
_c6635 _d6635 |
||
| 100 | _aSteiner,Frederick | ||
| 245 |
_aPlanning and Urban Design Standards. _bStudent edition. _cFrederick Steiner. |
||
| 250 | _a1st. | ||
| 260 |
_aNew Jersey. _bJohn Wiley & Sons. _c2006. |
||
| 300 | _a436p. | ||
| 500 | _aPaper cover | ||
| 942 |
_aNBS _cBK _k711 STE |
||
| 999 |
_c348986 _d348986 |
||